000 00304nam a22001337a 4500
008 170904b xxu||||| |||| 00| 0 eng d
020 _a9780205672653
041 _aeng
080 _26 ED
_a070
100 _a40
101 _aMED
245 _aINTERCULTURAL COMPETENCE
_cLUSTING.M.W
942 _2udc
_cBK
999 _c26050
_d26050